Best TE of All Time - Statistics

General Stats
  • This quiz has been taken 15 times
  • The average score is 9 of 26
Answer Stats
Hint Answer % Correct
Patriots Rob Gronkowski
100%
Chiefs Travis Kelce
100%
Chargers Antonio Gates
85%
Chiefs Tony Gonzalez
85%
Broncos Shannon Sharpe
77%
Cowboys Jason Witten
62%
Bears Mike Ditka
62%
Panthers Greg Olsen
54%
Browns Ozzie Newsome
54%
Eagles Zach Ertz
54%
Cotls Dallas Clark
38%
Colts John Mackey
38%
Saints Jimmy Graham
31%
49ers Vernon Davis
23%
St Louis cardinals Jackie Smith
15%
Patriots Ben Coates
8%
Lions Charlie Sanders
0%
Raiders Dave Casper
0%
Titans Delanie Walker
0%
Steelers Heath Miller
0%
Phoenix Cardinals Jay Novacek
0%
Giants Jeremy Shockey
0%
Redskins Jerry Smith
0%
Dolphins Keith Jackson
0%
Broncos Riley Odoms
0%
Raiders Todd Christiansen
0%
No matching quizzes found
Score Distribution
Percent of People with Each Score
Percentile by Number Answered
Your Score History
You have not taken this quiz